000 01399naa a22003977a 4500
001 BR8101104
003 BR-BrBNA
005 20250716170956.0
007 ta
008 250630b bl.|||m| |||| 00| 0 por d
040 _aBR-BrBNA
_bpor
_cBiblioteca Nacional de Agricultura
041 _a(Pt)
072 _aL30
_b5250
_b5240
_b1910
_bG514
090 _aL30 BR8101104
100 1 _aFernandes, A.A.O.
100 1 _aMenezes, F.A.B. de
100 1 _aMachado, F.H.F.
100 1 _aSousa, F.J. de
100 1 _aBezerra, R.B.
100 1 _aMacedo, F.A.R.
100 1 _aAndrade, J.M. de S.
245 1 _aEnsaio de pastejo continuo com ovinos e caprinos em tres tipos de pastagem [Ceara; Brasil]
246 1 _a[Continuous grazing trial with ovine and caprine in three pasture types [Ceara; Brazil]]
246 1 _a[Yearly research report. Zootechny]
500 _aRelatorio anual de pesquisa. Zootecnia Fortaleza, CE (Brasil): 1980. p. 27-41 [8 tables] (BR8101104-AMS)
773 0 _tRelatorio anual de pesquisa. Zootecnia
_wL30 BR8101104
_gFortaleza, CE (Brasil), 1980. p. 27-41
650 _aNutricao animal
650 _aCaprino
650 _aOvino
650 _aPastagem
650 _aPastejo
650 _aCeara
490 _aRelatorio Anual de Pesquisa - Empresa de Pesquisa Agropecuaria do Ceara (Brazil)
942 _cAMS
_2AGRIS
909 _a202506
_bLúcia
_c55
_dLúcia Elande
999 _c333646
_d333646